Statistiques concernant Drapeaux et Oiseaux

Cliquez ici pour prendre le quiz!

Statistiques générales

  • Ce quiz a été pris 65 fois
  • Le résultat moyen est 7 sur 16

Statistiques - réponses

HintRéponse% Correct
Aigle à deux têtesAlbanie
75%
Aigle royalMexique
75%
Aigle de SaladinEgypte
53%
CondorEquateur
49%
Amazone imperialeDominique
45%
Paradisier de RaggiPapouasie Nouvelle Guinée
43%
Aigle à deux têtesSerbie
41%
Grue royaleOuganda
39%
QuetzalGuatemala
37%
Aigle d'or à deux têtesMontenegro
35%
Aigle des steppesKazakhstan
33%
FrégateKiribati
33%
Aigle d'orMoldavie
33%
Oiseau Zimbabwe (Aigle bateleur des savanes)Zimbabwe
31%
ColombeFidji
29%
Pygargue vociferZambie
29%

Distribution des résultats

Percentile par nombre de réponses

% des personnes avec chaque résultat

Votre développement - résultats

Vous n’avez pas pris ce quiz